000
00285nam a2200109Ia 4500
008
221030s9999 xx 000 0 und d
245
0
_a
Investment Option of Reliance Securities Ltd.
260
_b
Reliance Securities
_a
Mumbai
_c
2014
300
_a
46
650
_a
Management
942
_c
TH
999
_c
16536
_d
16536